Регионална библиотека "Любен Каравелов" - Русе

Изкуството на Куба (Запис номер 115063)

MARC детайли
000 -Лидер
Контролно поле с фиксирана дължина 01592nam a2200349 c 4500
003 - Код на организацията, давaща контролен номер
Контролно поле BLK
005 - Дата и час на последна редакция
Контролно поле 20180422110259.0
008 - Елементи от данни с фиксирана дължина
fixed length control field 180409b bul|||||r ||||||| ||bul||
010 ## - Наследен системен номер
LC control number KNG00120520000
040 ## - Източник на каталожния запис
Идентификатор на билиотеката - собственик на записа BLK
041 ## - Код за език
Код за езика на текст/звукозапис или на отделно заглавие Български
Код за езика КДБФ Български
080 ## - УДК
Текстов определител УДК Изобразителни изкуства и художествени занаяти
УДК код - определител по УДК 73/76
УДК определител (729.1)
УДК - код + определител 73/76(729.1)
080 ## - УДК
Текстов определител УДК Архитектура
УДК код - определител по УДК 72
УДК определител (729.1)
УДК - код + определител 72(729.1)
100 1# - Редна дума - Автор
Автор Стойков, Атанас
Авторска отговорност първи автор
Автор - информация (биография) Атанасов, Атанас Стойков
R(LIN) 369553
139 ## - Редно поле
Редна дума Стойков, Атанас
Авторски знак Стои - С 78
245 10 - Сведения за заглавието
Заглавие Изкуството на Куба
Подзаглавни данни Моногр.
Редно поле (дума) Атанас Стойков; * Атанас Стойков Атанасов.
257 ## - Страна на издаване
Страна на създаване/издаване България
260 ## - Област на издателските данни
-- София
Име на издателя, разпространителя и проч. Наука и изкуство
Година на издаване 1983
300 ## - Физическа характеристика
Страници 291 с.
Илюстрации и др. с ил.
Размери/Мащаб 24 см
380 ## - Жанр
Жанр Изкуство
500 ## - Общи забележки
Забележка Пълното име на авт. е Атанас Стойков Атанасов. - Бел. към текста. - Списък на ил. - Именен показалец.
650 #4 - Допълнително описание по предмет – тема
Основно описание – тема или топоним Изобразително изкуство
9 (RLIN) 260464
651 #4 - Допълнително описание по предмет - топоним
Географско понятие Куба
9 (RLIN) 272036
653 ## - Ключова дума – ненормативна
Ключова дума изобразително изкуство
653 ## - Ключова дума – ненормативна
Ключова дума архитектура
700 1# - Други автори (авторска отговорност)
Лично име Атанасов, Атанас Стойков
Автороска отговорност (Описва отношението между автора и произведението) *
9 (RLIN) 376242
852 ## - Местоположение
Форматна сигнатура Цб 124019
856 4# - Електронен адрес и достъп
Електронен формат pdf - файл
Път до файла /url/
856 4# - Електронен адрес и достъп
Електронен формат pdf - файл
Път до файла /url/
942 ## - АРТИКУЛИ
Вид на библиотечния материал Книги
Скрит в OPAC Не
944 ## - СЪЗДАВАНЕ И РЕДАКЦИЯ на ЗАПИСА
Създаване/Редакция Създаване
Дата на регистрацията/редакция 22.12.2010
Статус, дата на статуса добави в АБ / 21.12.2010
Служител, извършил регистрацията/редакцията Наталия_Любомирова
944 ## - СЪЗДАВАНЕ И РЕДАКЦИЯ на ЗАПИСА
Създаване/Редакция Редакция
Дата на регистрацията/редакция 24.07.2015
Статус, дата на статуса добави в АБ / 21.12.2010
Служител, извършил регистрацията/редакцията Ирена_Линкова
999 ## - СИСТЕМНИ КОНТРОЛНИ НОМЕРА
Koha biblionumber 115063
Koha biblioitemnumber 115063
Наличности
Код за отписване Код за изгубен артикул Източник на класификационната схема Код за повреда Коз за рестрикции Код за отдаване Артикулен № Име на библиотеката - собственик Име на библиотеката, в която се намира в момента Статус (Текущо местоположение) Дата на вписване в системата Местоположение - отдел Цена в лева Инвентарен номер Систематично азбучна сигнатура Баркод Номер на екземпляра Цена в евро Служебна бележка Служебен тип на артикула
  Не е изгубен Universal Decimal Classification Не е повреден без рестрикции заемане за дома 184673 Регионална библиотека "Любен Каравелов" Русе Регионална библиотека "Любен Каравелов" Русе Отдел Изкуство - подръчен фонд 1983-01-01 Отдел Изкуство - подръчен фонд 4.99 387834 73/76/С 78 120000387834 1 2.55 N: стар фонд Дата: 01.01.1983 Дата инв: 06.06.2012 Бележки инв: * Книги
Изтеглен Не е изгубен Universal Decimal Classification Не е повреден без рестрикции заемане за дома 184674 Регионална библиотека "Любен Каравелов" Русе Регионална библиотека "Любен Каравелов" Русе Отдел Изкуство - подръчен фонд 1983-01-01 Отдел Изкуство - подръчен фонд 4.99 387833 73/76/С 78 120000387833 2 2.55 Дост: Pk Вид: Ф N: сф Дата: 01.01.1983 Дата инв: 12.02.2015 Бележки инв: ИП2015 Книги
  Не е изгубен Universal Decimal Classification Не е повреден само за читалня ползва се в читалня 184675 Регионална библиотека "Любен Каравелов" Русе Регионална библиотека "Любен Каравелов" Русе Хранилище 1983-01-01 Хранилище 4.99 387288 Цб 124019 900000011969 3 2.55 Дост: Dp Вид: Д N: сф Дата: 01.01.1983 Книги
Vip Innovations Ltd, Rousse, Bulgaria 2025